000 00283nam a22001337a 4500
008 171030b xxu||||| |||| 00| 0 eng d
020 _a 9780324261516
041 _aeng
080 _a33
100 _a58
101 _aBUS
245 _aFAMILY BUSINESS
_cPOZA,E.J
942 _2udc
_cBK
999 _c36465
_d36465